000 00558nam a2200229Ia 4500
003 OSt
005 20220924143232.0
006 a|||||r|||| 00| 0
007 ta
008 220923b |||||||| |||| 00| 0 urd d
024 _a307380
037 _cTextual
040 _aARTS
_cARTS
_burd
041 _2urd
_aurd
082 _aw2,N2, 168M0
100 _aMohd. Hasnain
_9215164
245 0 _aNamud e hasti
260 _c1980
650 _aURDU LITERATURE
942 _hw2,N2, 168M0
_cTEXL
_2CC
999 _c453739
_d453739